Music Quiz

Random Music or Song Quiz

Songs With People's Names in Them Quiz Stats

 Plays Quiz not verified by Sporcle

Also try: #1 80s Bands Match
Challenge
Share
Tweet
Embed
Score 0/15 Timer 06:00
0 Plays Today
Artist Song % Correct
Michael JacksonBillie Jean
94.9%
The PoliceRoxanne
82.3%
The BeatlesLucy in the Sky with Diamonds
79.3%
Neil DiamondSweet Caroline
73.8%
The BeatlesHey Jude
71.3%
Tommy TutoneJenny
69.6%
Eric ClaptonLayla
67.9%
AerosmithJanie's Got a Gun
64.1%
Artist Song % Correct
The Plain White T'sHey There Delilah
63.7%
Dexy's Midnight RunnersCome on Eileen
62.9%
The KinksLola
54%
Jim CroceBad, Bad Leroy Brown
47.3%
David BowieZiggy Stardust
37.6%
KissBeth
25.7%
Velvet UndergroundSweet Jane
12.2%

You're not logged in!

Compare scores with friends on all Sporcle quizzes.
OR
Log In

You Might Also Like...

Show Comments

Extras

Top Quizzes Today


Score Distribution

Your Account Isn't Verified!

In order to create a playlist on Sporcle, you need to verify the email address you used during registration. Go to your Sporcle Settings to finish the process.

Report this User

Report this user for behavior that violates our Community Guidelines.

Details: